| 000 | 01224cam a2200289Mi 4500 | ||
|---|---|---|---|
| 001 | universeofgalaxi00hodg | ||
| 003 | CaSfIA | ||
| 005 | 20210119105133.0 | ||
| 007 | cr|||| | ||
| 008 | 981202s1984 xx 000 0 und d | ||
| 040 |
_aGEBAY _bger _cGEBAY _dCaSfIA |
||
| 020 | _a0716716755 | ||
| 020 | _a9780716716754 | ||
| 020 | _a0716716763 | ||
| 020 | _a9780716716761 | ||
| 035 | _a(OCoLC)220172827 | ||
| 245 | 0 | 4 |
_aThe universe of galaxies : _h[electronic resource] _breadings from Scientific American _ccompiled by Paul W. Hodge |
| 260 |
_aNew York _bFreeman _c1984 |
||
| 300 |
_a113 S. : _bIll. |
||
| 653 | 0 | _aGalaxie | |
| 700 | 1 | _aHodge, Paul W. | |
| 856 | 4 | 1 |
_uhttp://www.archive.org/details/universeofgalaxi00hodg _zFree eBook from the Internet Archive |
| 856 | 4 | 2 |
_uhttp://www.openlibrary.org/books/OL24222821M _zAdditional information and access via Open Library |
| 942 | _cEB | ||
| 506 | _fНеобхідна авторизація на https://archive.org/ (створення облікового запису безкоштовно) | ||
| 506 | _fНеобхідна авторизація на https://openlibrary.org/ (створення облікового запису безкоштовно) | ||
| 999 |
_c561198 _d561198 |
||